Company for Manisha / (Record no. 160388)

MARC details
000 -LEADER
fixed length control field 00470nam a22001817a 4500
005 - DATE AND TIME OF LATEST TRANSACTION
control field 20190128144614.0
010 ## - LCCN (DPL NO)
LC control number A-993674
020 ## - INTERNATIONAL STANDARD BOOK NUMBER
International Standard Book Number 8170118530
Terms of availability 30.00
035 ## - SYSTEM CONTROL NUMBER
System control number A-993674
037 ## - SOURCE OF ACQUISITION
Source of stock number/acquisition Childern's Book Trust
082 ## - DEWEY DECIMAL CLASSIFICATION NUMBER
Classification number S
100 ## - MAIN ENTRY--PERSONAL NAME
Personal name Rangachari, Devika
245 ## - TITLE STATEMENT
Title Company for Manisha /
Statement of responsibility, etc Devika Rangachari
260 ## - PUBLICATION, DISTRIBUTION, ETC. (IMPRINT)
Place of publication, distribution, etc New Delhi
Name of publisher, distributor, etc Childern's Bool Trust
Date of publication, distribution, etc 1999
300 ## - PHYSICAL DESCRIPTION
Extent 133p.
Dimensions 22cm (pbk)
700 ## - ADDED ENTRY--PERSONAL NAME
Personal name Varma, B.G.
942 ## - ADDED ENTRY ELEMENTS (KOHA)
Source of classification or shelving scheme Dewey Decimal Classification
Item type Children Books
Classification part S
Call number suffix RAN
Holdings
Withdrawn status Lost status Not for loan Collection code Home library Current library Date acquired Full call number Barcode Koha item type
      Fiction Sarojini Nagar Sarojini Nagar 28/01/2019 S RAN A-993674 Children Books

© Delhi Public Library
Hit Counter
free hit counter